1-10 Letter N Words Quiz Stats

 Plays Quiz Updated Jun 4, 2016

Challenge
Share
Tweet
Embed
Score 0/10 Timer 02:00
1 Play Today
Clue N-Word % Correct
Symbol for the standard SI unit of forceN
100%
One of the 4 major US television networksNBC
94.9%
Abbreviation and country code for the nation with a capital in WellingtonNZ
88.1%
A formidable and often victorious rival, like Moriarty to Sherlock Holmesnemesis
79.1%
The top portion of a fractionnumerator
78.7%
XIX, to Caesarnineteen
74%
A confection of nuts or fruit in a sugar paste often used to fill candy barsnougat
72.2%
A condition characterized by short attacks of deep sleepnarcolepsy
67.8%
Acronym attached to risqué images, links or emails that should not be watched at the officeNSFW
62%
A minor female Greek deity representing and living in naturenymph
45.2%

You're not logged in!

Compare scores with friends on all Sporcle quizzes.
OR
Log In

You Might Also Like...

Show Comments

Extras

Top Quizzes Today


Score Distribution

Your Account Isn't Verified!

In order to create a playlist on Sporcle, you need to verify the email address you used during registration. Go to your Sporcle Settings to finish the process.

Report this User

Report this user for behavior that violates our Community Guidelines.

Details: